| 000 | 01121nam a2200277 i 4500 | ||
|---|---|---|---|
| 001 | 105900 | ||
| 003 | ES-MaACL | ||
| 005 | 20250605113610.0 | ||
| 007 | t| | ||
| 008 | 060911s1970 be ||||1| fre d | ||
| 080 | _a943.0"1939/45"(093.3) | ||
| 100 | 1 |
_aTrotsky, Leon, _d1879-1940 _9240350 |
|
| 245 | 1 | 0 |
_aSur la deuxième guerre mondiale / _cLeon Trotsky ; [textes rassemblés et prefacés par Daniel Guérin]. |
| 260 |
_aBruxelles : _bEditions La Taupe, _c[1970] |
||
| 300 |
_a275 p. ; _c18 cm. |
||
| 490 | 1 | _aDocuments socialistes | |
| 500 | _aBiblioteca Juan Andrade. | ||
| 505 | 8 | _aRecopilación de artículos y entrevistas que Trotsky redactó para diversos periódicos entre agosto de 1937 y agosto de 1940 | |
| 650 | 1 | 4 |
_aGuerra mundial, 1939-1945- _xHistoria diplomática. _913241 |
| 651 | 4 |
_aURSS- _xRelaciones- _zAlemania. _99484 |
|
| 651 | 4 |
_aAlemania- _xRelaciones- _zURSS. _97672 |
|
| 700 | 1 |
_aGuérin, Daniel, _d1904-1988 _9240796 |
|
| 830 | 0 |
_aDocuments socialistes _9185120 |
|
| 852 |
_aES-MaACL _jAND-922 _bR.110210 _q. - Ded. autógr. de Daniel Guérin |
||
| 999 |
_c105900 _d105900 |
||